000 00472nam a2200133Ia 4500
008 171212s9999 xx 000 0 und d
020 _a9781501707209
100 _aMally, Lynn
245 _cMally, Lynn
_aRevolutionary Acts
_bAmateur Theater and the Soviet State, 1917-1938
260 _bCornell University Press
_c2000
650 _aAmateur theater -- Soviet Union -- History -- 20th century
650 _aHistory
856 _uhttp://jstor.org/stable/10.7591/j.ctt1g69xhw
999 _c351453
_d351453